000 00609cam a2200229 4500
001 B2828
008 090401t1990 xxu||||| |||| 00| 0 eng d
035 _a(Sirsi) u52434
041 _aeng
050 _a333.335
110 _aMinistry of Agriculture
_91876
245 _aFarm rents in England results of 1989 annual rent enquiry
260 _aLondon
_bMinistry of Agriculture, Fisheries and F
_c1990
300 _a34p. : ill.,maps ; 30cm.
350 _a5
650 _aFARMING
650 _aRENT
650 _aSTATISTICS
710 _aFisheries and Food
_91879
942 _n0
948 _c04/03/1997
999 _c93068
_d93068